Responses for Show #2142 - Tuesday, December 21, 1993

Jean Grewe game 2.

Contestants

[<< previous game]

Kay Diehl, an urban planner from Pasadena, California

Tom Plotkin, a record store clerk from Los Angeles, California

Jean Grewe, a typesetter from Oak Park, Illinois (whose 1-day cash winnings total $14,401)

[next game >>]

Jeopardy! Round responses

MODERN HISTORY
FILMS OF THE '60s
CHILDREN'S BOOKS
FABRICS
WORLD TRAVEL
AUTO MAKES & MODELS
    $100 11
Moscow

Tom
    $100 2
The Graduate

Kay
    $100 1
Doctor Dolittle

Tom
    $100 18
tweed

Tom
    $100 16
Mexico

Jean
    $100 26
Chevrolet

Jean
    $200 12
Nuremberg

Jean
    $200 4
Planet of the Apes

Jean
    $200 3
Lorna Doone

Tom
    $200 20
an ottoman

Tom
    $200 17
ice

Jean
    $200 27
Ford

Kay
    $300 13
Solidarity

Tom
    $300 5
The Misfits

Jean
    $300 8
Babar

Jean
    $300 23
cotton

Jean
    $300 19
(Tom: What is Buckingham Palace?)

Windsor Castle

JeanTom
    $300 28
Acura

Kay
    $400 14
(1 of) Angola (or Ethiopia)

Kay
    $400 6
La Dolce Vita

Jean
    $400 9
the Maori

Jean
    $400 24
burlap

Jean
    $400 21
Waterloo

Tom
    $400 29
Ferrari

Tom
    $500 15
(Tom: What is Zaire?)

Zimbabwe

TomKay
    $500 7
Who's Afraid of Virginia Woolf?

Jean
    $500 10
a Triceratops

Tom
    $500 25
Prince Albert

Jean
    $500 22
(Tom: Uh, what is Argentina?)
...
(Alex: We were going for the capital city; you were in the wrong country as well.)

Brasília

Tom
    $500 30
Mitsubishi

Jean

Scores at the first commercial break (after clue 15):

Jean Tom Kay
$2,300 $700 $1,000

Scores at the end of the Jeopardy! Round:

Jean Tom Kay
$4,700 $1,000 $1,500

Double Jeopardy! Round responses

1989
NORTHERN AFRICA
POP MUSIC
RELIGION
PRESIDENTIAL FIRSTS
POETRY
    $200 11
West Point

Tom
    $200 26
Morocco

Tom
    $200 6
a pink carnation

Jean
    $200 16
the Ganges

Jean
    $200 21
Arlington National Cemetery

Tom
    $200 1
Chicago

Tom
    $400 12
David Dinkins

Tom
    $400 27
Egypt

Kay
    $400 7
Michael Jackson

Tom
    $400 17
(Kay: What is Hanukkah?)

Passover

TomKay
    $400 22
(Tom: In a carriage?)

by walking

TomKay
    $400 2
Evangeline

Jean
    $600 13
Mike Tyson

Tom
    $600 28
the Red Sea

Tom
    $600 8
the Eagles

Triple Stumper
    $600 18
Zen Buddhism

Jean
    $600 23
left-handed

Jean
    $600 3
"Drink to me only with thine eyes"

Jean
    $800 14
Daniel Ortega

Tom
    $800 29
Libya

Jean
    $800 9
Neil Sedaka

Jean
    $800 19
(Kay: What is Confucianism?)

Taoism

JeanKay
    $800 24
(Kay: Who is Coolidge?)

Franklin Pierce

Kay
Triple Stumper
    $800 4
"The Road Not Taken"

Jean
    $1,000 15
John Tower

Tom
    $3,000 30
French

Jean
    $1000 10
(Tom: Sad song?)

somebody done somebody wrong song

JeanTom
    $1000 20
the Ebenezer Baptist Church

Triple Stumper
    $1000 25
Andrew Jackson

Tom
    $1000 5
Robert Browning

Triple Stumper

Scores at the end of the Double Jeopardy! Round:

Jean Tom Kay
$14,500 $5,600 $300
(lock game)

[wagering suggestions for these scores]

Final Jeopardy! Round responses

THE 1990 CENSUS
(Alex: Dallas, Houston and San Antonio.)
...
(Alex: [To Jean] Thinking what? San Diego, Los Angeles, San Francisco, Oakland--that kind of thing?)
KayWhat is Texas?
$0
TomWhat is Texas
$4,000
JeanWhat is California?
$3,000
Texas

Final scores:

Jean Tom Kay
$11,500 $9,600 $300
2-day champion: $25,901 2nd place: Broyhill Fontana bedroom set + Waverly bedroom sheets 3rd place: Cuthbertson dinnerware

Game dynamics:

Coryat scores:

Jean Tom Kay
$12,500 $6,100 $300
27 R
(including 1 DD),
0 W
21 R
(including 1 DD),
5 W
(including 1 DD)
7 R,
3 W

Combined Coryat: $18,900

[game clues] [game scores] [suggest correction]

Game tape date: 1993-09-14
The J! Archive is created by fans, for fans. Scraping, republication, monetization, and malicious use prohibited; this site may use cookies and collect identifying information. See terms. The Jeopardy! game show and all elements thereof, including but not limited to copyright and trademark thereto, are the property of Jeopardy Productions, Inc. and are protected under law. This website is not affiliated with, sponsored by, or operated by Jeopardy Productions, Inc. Join the discussion at JBoard.tv.